Sulitková, Ludmila. Městské úřední knihy z Archivu města Brna 1343-1619. - Brno : Vydavatelská společnost Šifra pro Archiv města Brna. - 1998 [Rezension]

Titel: Sulitková, Ludmila. Městské úřední knihy z Archivu města Brna 1343-1619. - Brno : Vydavatelská společnost Šifra pro Archiv města Brna. - 1998 [Rezension]
Verfasser:
In: Matice Moravská (Brünn): Časopis Matice Moravské, Band 118 (1999), Seite 179-180
alle Artikel anzeigen
Veröffentlicht: 1999
Format: Aufsatz
Sprache: Tschechisch
Kein Bild verfügbar
X
alg: 39515009
001A    $01999:12-11-16 
001B    $01999:09-08-21 $t17:41:08.000 
001D    $01999:12-11-16 
001U    $0utf8 
001X    $00 
002@    $0Aox 
003@    $0395150094 
007A    $0395150094 $aHEB 
007T    $0Herd71549 
010@    $acze 
011@    $a1999 
021A    $aSulitková, Ludmila. Městské úřední knihy z Archivu města Brna 1343-1619. - Brno : Vydavatelská společnost Šifra pro Archiv města Brna. -  1998 [Rezension] 
028A    $#Sterneck, T. $71017987793 $8Sterneck, Tomáš$Z1972- [Tp3] $9285471961 
031A    $d118 $h179-180 $j1999 
039B    $aIn $8--Abvc--Matice Moravská$gBrünn [Tb1]. Časopis Matice Moravské. - Brno, 1869-. - ISSN 0323-052X $x199900001180000821 $9047461179 
039T    $8--Aax--Sulitková, Ludmila. Městské úřední knihy z Archivu města Brna 1343-1619. - Brno : Vydavatelská společnost Šifra pro Archiv města Brna, 1998. - 134 s. $9395472695 
045F    $a900.94371 $eDDC23BSB 
045F/01 $a900 
045F/03 $g4371 
045T    $a8 

lok: 39515009 78

exp: 39515009 78 1 #EPN
201B/01 $026-11-17 $t04:01:45.000 
201U/01 $0utf8 
203@/01 $0791448908 
208@/01 $a12-11-16 $be 
209A/01 $a/ $f000 $x00 
220C/01 $aTitelaufnehmer: rb 
220C/01 $aHerkunft: HÚ AV ČR Praha 
244Z/01 $#Tschechien $#Tschechische Republik $#Tschechische Republik $#Tschechenland $#Tschechei Tschechien $#Česká Republika $#Czech Republic $#ČR $74303381-7 $8--Tg1--Tschechien $x01 $9086659812 
244Z/01 $2Trx $#Böhmen $#Bohemia $#Czechy $8--Trx--Čechy $x02 $9391188941 
244Z/01 $2Trx $#arvustused $#recenzijos $#Reviews $#recenziók $#recenzje $#recenzie $#recenze $8--Trx--Rezensionen $x03 $9391357441 
247C/01 $82080>Marburg/Lahn, Herder-Institut, Forschungsbibliothek, Bibliographieportal $9336309341
LEADER 00000caa a22000002c 4500
001 395150094
003 DE-603
005 20210809174108.0
007 tu
008 161112s1999 xx |||| | u00||u|cze c
035 |a (DE-599)HEB395150094 
040 |a DE-603  |b ger  |c DE-603  |d DE-603 
041 |a cze 
082 0 4 |8 1\u  |a 900.94371  |q DE-101  |2 23/BSB 
084 |a 8  |2 ssgn 
085 |8 1\u  |b 900 
085 |8 1\u  |z 2  |s 4371 
100 1 |a Sterneck, Tomáš  |d 1972-  |0 (DE-603)285471961  |0 (DE-588)1017987793  |2 gnd 
245 0 0 |a Sulitková, Ludmila. Městské úřední knihy z Archivu města Brna 1343-1619. - Brno : Vydavatelská společnost Šifra pro Archiv města Brna. - 1998 [Rezension] 
264 0 |c 1999 
773 0 8 |i In  |a Matice Moravská (Brünn)  |t Časopis Matice Moravské  |d Brno, 1869-  |x 0323-052X  |g Band 118 (1999), Seite 179-180  |w (DE-603)047461179  |w (DE-600)282647-1 
787 0 8 |i Rezension von  |a Sulitková, Ludmila  |t Městské úřední knihy z Archivu města Brna 1343-1619  |d Brno : Vydavatelská společnost Šifra pro Archiv města Brna, 1998  |h 134 s.  |w (DE-603)395472695 
924 0 |9 2080  |a (DE-603)791448908  |b DE-2080  |c HES  |d d  |g /